000
00519nam a2200181Ia 4500
008
090124s9999 xx 000 0 und d
082
_b
128960
100
_a
तेंडुलकर नलिनी
245
_a
अंधारगर्भ
250
_a
1
260
_c
1999
300
_a
173
600
_a
तेंडुलकर नलिनी
630
_a
अंधारगर्भ
700
_a
तेंडुलकर नलिनी
730
_a
अंधारगर्भ
942
_c
BOOK
999
_c
175049
_d
175049